Famous Escapes - Statistics

General Stats
  • This quiz has been taken 15 times
  • The average score is 5 of 15
Answer Stats
Hint Answer % Correct
Frank Morris and the Anglin brothers managed to escape this island prison, their fate is unknown Alcatraz
85%
This Stephen King story tells of a wrongfully convicted man who escapes prison The Shawshank Redemption
77%
At the top left of a keyboard Escape key
62%
This man escaped a straight jacket suspended 50ft in the air in front of an audience of 20,000 Harry Houdini
62%
The movie based on a mass escape from the Nazi prisoner of war camp Stalag Luft III The Great Escape
62%
This outlaw managed to escape prison but was recaptured by Pat Garrett Billy the Kid
54%
This woman managed to escape slavery and flee to Canada, but also helped 300 other slaves escape via the Underground Railroad Harriet Tubman
54%
An American gangster and bank robber who escaped an 'escape-proof' with a fake gun made of wood John Dillinger
31%
From this 'escape-proof' German prisoner of war camp, at least 130 people managed to escape alive Colditz
15%
In which animated movie did Ginger and her friends escape being turned into pies by the vicious Mrs Tweedy? Chicken Run
8%
A video game starring the pirate Guybrush Threepwood Escape from Monkey Island
8%
This man documented his famous escape from Turkey in the book Midnight Express Billy Hayes
0%
This Danish man has escaped prison 22 times Brian Bo Larsen
0%
This English queen escaped siege at Oxford Castle in heavy snow wearing a white cloak for camouflage Empress Matilda
0%
This Jesuit priest in Elizabethan times is famous for escaping the Tower of London John Gerard
0%
No matching quizzes found
Score Distribution
Percent of People with Each Score
Percentile by Number Answered
Your Score History
You have not taken this quiz